00000000nam##2200000za#4500
0019.580133
003CaOODSP
00520210927150258
007cr |||||||||||
008150406|2004||||xxc|||||o    f|0| 0 eng|d
040 |aCaOODSP|beng
043 |an-cn---
0861 |aR73-1/12-2004E-PDF
1101 |aCanada. |bIndian and Northern Affairs Canada.
24510|aPtarmigan and grouse |h[electronic resource]
260 |aYellowknife - Northwest Territories : |bIndian and Northern Affairs |c[2004].
300 |a2p.|bcoloured illus., fig.
4901 |aNorthwest Territories contaminants fact sheets
590 |a15-05-Supp|b2015-03-31
69007|aBirds|2gcpds
69007|aPollution|2gcpds
77508|tLes lagopèdes, les tétras et les gélinottes |w(CaOODSP)9.607226
830#0|aNorthwest Territories contaminants fact sheets.|w(CaOODSP)9.507881
85640|ahttp://publications.gc.ca|qPDF|s154 KB|uhttps://publications.gc.ca/collections/collection_2014/aadnc-aandc/R73-1-12-2004-eng.pdf
986 |aQS-Y223-012-EE-A1